000 08341cam a22018014i 4500
003 PE-LiUPU
005 20250813165517.0
008 180521s2015 sp a r 000 0 spa d
020 _a9788447217656
035 _a(Sirsi) a242048
040 _aPE-LiUPU
_bspa
_cPE-LiUPU
_dPE-LiUPU
_erda
049 _aPRUA
082 0 4 _a658.408
_bR81
_220
100 1 _aRomero Gonzales, Eladio M,
_eautor.
245 1 0 _aEvaluación y gestión medioambiental para planes, programas y proyectos de ingeniería /
_cEladio M. Romero Gonzáles.
250 _a1a Edición.
264 1 _aSevilla :
_bUniversidad de Sevilla,
_c2015.
300 _axviii, 513 páginas :
_bilustraciones ;
_c24 centímetros.
336 _atext
_2rdacontent
337 _aunmediated
_2rdamedia
338 _avolume
_2rdacarrier
490 1 _aMonografías de la Escuela Técnica Superior de Ingeniería de la Universidad de Sevilla ;
_v 6
505 0 _aEl medio ambiente: físico, biótico, social, cultural, económico y paisajístico -- Clima -- Geomorfología -- Suelos -- Agua -- Vegetación -- Fauna -- Los medios social y económico -- Los aspectos culturales -- Las infraestructuras de datos espaciales como la fuente de información para EDIA -- La protección del medio ambiente en Europa y en España. Concepción constitucional, administrativa, civil y penal --Europa -- España -- Concepción constitucional-- Concepción administrativa-- Concepción en el derecho civil -- la concepción penal -- La organización administrativa para la protección del medio ambiente -- Organizaciones administrativas para la protección del medio ambiente en la UE -- El consejo de la Unión Europea o consejo de ministros -- La comisión europea -- El parlamento europeo -- Organizaciones administrativas para la protección del medio ambiente en España -- Organizaciones administrativas para la protección del medio ambiente en las comunidades autónomas -- El medio ambiente en la organización municipal española -- La participación e la información ambiental -- La evaluación ambiental de planes, programas y proyectos -- Introducción general -- Evaluación ambiental: cuestiones generales -- Evaluación ambiental de planes y programas -- Evaluación de impacto ambiental de proyectos -- Consultas transfronterizas -- Seguimiento -- Otras disposiciones -- Definiciones contenidas en la ley 21/2013, de evaluación ambiental -- Metodología de valoración cuantitativa para los impactos ambientales -- Ejemplos de evaluación ambiental -- La autorización ambiental integrada: emisiones, vertidos, residuos, ruidos y suelos -- Introducción y cuestiones generales -- La autorización ambiental integrada (AAI) -- Algunas cuestiones relativas al alcance de la AAI -- La responsabilidad medioambiental -- Introducción -- Definiciones -- Ámbito de aplicación -- Ámbito temporal de la responsabilidad medioambiental -- Daños a particulares -- Concurrencia entre la responsabilidad medioambiental y las sanciones penales y administrativas -- Competencias administrativas -- Daños transfronterizos -- Responsabilidad de los operadores -- Inexigibilidad de la obligación de sufragar los costes -- Responsabilidad de los grupos de sociedades -- Pluralidad de responsables de un mismo daño -- Muerte o extinción de las personas responsables -- Responsables solidarios y subsidiarios -- Recuperación de costes -- Acciones frente a terceros -- Obligaciones del operador en materia de prevención y de evitación de nuevos daños -- Fomento de las medidas de prevención y evitación de daños medioambientales -- Potestades administrativas en materia de prevención o de evitación de nuevos daños -- Obligaciones del operador en materia de reparación -- Medidas de reparación -- Potestades administrativas en materia de reparación de daños -- Incumplimiento de las obligaciones de prevención, de evitación o de reparación del daño medioambiental -- Actuación directa de la administración -- Fundo estatal de reparación de daños medioambiental -- Los aspectos naturales protegidos. La red natura 2000 -- La construcción de las figuras jurídicas -- El espacio de los espacios naturales protegidos -- Los sistemas de gestión medioambiental. Certificación y auditoría -- Introducción -- Objetivos de la auditoría ambiental -- Tipos de auditoría por la procedencia del equipo auditor -- Ventajas de auditoría -- Marco reglamentario -- La inspección ambiental administrativa. Los servicios de protección del medio ambiente y de la naturaleza -- Introducción -- Ámbito UE -- Ámbito estatal -- Ámbito autonómico -- Ámbito local -- SEPRONA -- Los nuevos roles de las administraciones locales en la protección del medio ambiente: la agenda 21 local y los planes de acción de energía sostenible -- Introducción -- Marco internacional para la gestión de la sostenibilidad local en el contexto de los compromisos de Aalborg -- Marco internacional para la gestión de la sostenibilidad local -- Definición de indicadores para evaluar la sostenibilidad local -- Planes locales contra el cambio climático.
526 _aP203
526 _aP200
526 _aSEG65
526 _aSEG64
526 _aSEG63
526 _aSEG62
526 _aSEG61
526 _aSEG60
526 _aSEG59
526 _aSEG58
526 _aSEG57
526 _aSEG56
526 _aSEG55
526 _aSEG54
526 _aSEG53
526 _aSEG52
526 _aSEG51
526 _aSEG50
526 _aSEG49
526 _aSEG48
526 _aSEG47
526 _aSEG46
526 _aSEG24
526 _aSEG23
526 _aSEG22
526 _aSEG21
526 _aSEG20
526 _aSEG19
526 _aSEG18
526 _aSEG17
526 _aSEG16
526 _aSEG14
526 _aSEG13
526 _aSEG12
526 _aSEG11
526 _aSEG10
526 _aSEG09
526 _aSEG06
526 _aSEG05
526 _aSEG04
526 _aSEG03
526 _aSEG02
526 _aSEG68
526 _aSEG66
526 _aSEG45
526 _aSEG25
526 _aSEG01
526 _aP163
526 _aP162
526 _aP161
526 _aP160
526 _aP159
526 _aP158
526 _aP157
526 _aP156
526 _aP155
526 _aP154
526 _aP153
526 _aP152
526 _aP151
526 _aP150
526 _aP149
526 _aP142
526 _aP141
526 _aP140
526 _aP139
526 _aP138
526 _aP137
526 _aP132
526 _aP131
526 _aP130
526 _aP126
526 _aP125
526 _aP124
526 _aP123
526 _aP115
526 _aP122
526 _aP121
526 _aP116
526 _a P114
526 _aP112
526 _aP111
526 _aP104
526 _aP103
526 _aP102
526 _aP101
526 _aP100
526 _aP96
526 _aP95
526 _aP93
526 _aP92
526 _aP91
526 _aP88
526 _aP83
526 _aP82
526 _aP79
526 _aP78
526 _aP75
526 _aP74
526 _aP71
526 _aP69
526 _a P51
526 _aP49
526 _aP48
526 _aP47
526 _aP33
526 _aP31
526 _a P30
526 _aP29
526 _aP27
526 _aP26
526 _aP25
526 _aP24
526 _a P22
526 _aP10
526 _aP09
526 _a P08
526 _aP06
526 _aP05
526 _aP04
526 _aP01
541 _g002-00000048;
650 0 4 _aEvaluacion y gestión medioambiental.
910 _adbm
_bcsm
_ccsm
_d20180521
942 _2ddc
_cBOOK
994 _aC0
_bPEPRU
596 _a1
999 _a658.408 R81
_wLC
_c27558
_i78687
_d27558
_f2021-11-9
_g4
_lCCODEBUL1
_mBUL
_p32.00
_r0
_sY
_tBOOK
_u2018-5-21
_xINGENIERIA
_PP24
_0COMPRA
_1FCOMPRA
_o.STAFF. Colección Ingeniería y Arquitectura
999 _a658.408 R81
_wLC
_c2
_i78688
_f2021-11-9
_g4
_lCCODEBUL1
_mBUL
_p32.00
_r0
_sY
_tBOOK
_u2018-5-21
_xINGENIERIA
_PP24
_0COMPRA
_1FCOMPRA
_o.STAFF. Colección Ingeniería y Arquitectura
980 _81
_gALBERTO SANCHEZ Responsable de Automatización